Die friedlichsten Länder der Welt - Statistiken

Allgemein
  • Dieses Quiz wurde 142 mal gespielt
  • Das Durchschnittsergebnis liegt bei 13 aus 20
Antwortstatistiken
Indexpunkte Antwort % Korrekt
1.112 Island
86%
1.350 Schweiz
85%
1.474 Finnland
83%
1.542 Deutschland
79%
1.536 Australien
78%
1.382 Dänemark
78%
1.449 Kanada
76%
1.323 Neuseeland
76%
1.527 Niederlande
74%
1.313 Österreich
74%
1.303 Irland
72%
1.510 Belgien
70%
1.525 Japan
64%
1.372 Portugal
64%
1.459 Tschechien
50%
1.339 Singapur
45%
1.395 Slowenien
45%
1.504 Kroatien
35%
1.502 Ungarn
34%
1.427 Malaysia
20%
Keine übereinstimmenden Quizze gefunden
Verteilung der Resultate
Anzahl Personen mit jedem Resultat
Perzentil nach korrekt beantworteten Fragen
Ihre Resultats-Entwicklung
Sie haben dieses Quiz noch nicht gespielt